| 000 | 00756nam a22002657a 4500 | ||
|---|---|---|---|
| 003 | UA-OsUOA | ||
| 001 | 27579 | ||
| 007 | ta | ||
| 008 | 20040907b un ||||| |||| 00| 0 ukr d | ||
| 100 | _aСкуратівський Вадім | ||
| 090 |
_a778.5(091) _bС46 |
||
| 942 | _cBK | ||
| 040 |
_aUA-OsUOA _bukr _cUA-OsUOA _dUA-OsUOA |
||
| 245 |
_aЕкранні мистецтва в соціокультурних процесах ХХ століття _bГенеза. Структура. Функція. У 2-х чч. |
||
| 300 | _a224 с. | ||
| 955 | _a0 | ||
| 041 | _aukr | ||
| 080 | _a778.5(091) | ||
| 020 | _a966-7116-21-2 | ||
| 260 |
_bКМЦ "Поезія" _c1997 |
||
| 246 | 3 | 1 |
_aЧ.1 _n |
| 044 | _aUA | ||
| 650 | 7 | _2UDC | |
| 999 |
_c313926 _d313926 |
||